000 00395nam a22001457a 4500
999 _c7694
_d7692
005 20210320141017.0
008 210320b ||||| |||| 00| 0 eng d
082 _a346.066
100 _aAIYAR, A.N.
_96466
245 _aCOMPANY CASES THE CORPORATE LAW WEEKLY [178]
260 _aCHENNAI
_bCOMPANY LAW INSTITUTE OF INDIA
_c2013
300 _a575; i-xlviii,p
650 _aLAW
_95701
942 _cJRL